000 00243nam a2200097Ia 4500
001 653803
005 20250826154505.0
008 250824s9999 xx 000 0 und d
245 0 _aGARAJDAKİ GİZ
_cDAVİD ALMOND
260 _bGÜNIŞIĞI YAYINLARI
999 _c653803
_d653803